[Event "Europe Echecs online op April"]
[Site "Europe Echecs INT"]
[Date "2020.04.11"]
[Round "8"]
[White "Donchenko, Alexander"]
[Black "Ivanchuk, Vassily"]
[Result "1/2-1/2"]
[WhiteElo "2648"]
[BlackElo "2678"]
[PlyCount "115"]
[EventDate "2020.04.11"]
[EventType "swiss (blitz)"]
[EventRounds "11"]
[EventCountry "FRA"]
[SourceTitle "EXT 2021"]
[Source "ChessBase"]
[SourceDate "2020.10.23"]
[SourceVersion "1"]
[SourceVersionDate "2020.10.23"]
[SourceQuality "1"]

1. c4 c6 2. Nf3 Nf6 3. g3 d5 4. Bg2 g6 5. b3 Bg7 6. Bb2 O-O 7. O-O Bg4 8. d3
Bxf3 9. Bxf3 Nbd7 10. cxd5 cxd5 11. Nc3 e6 12. Qd2 a6 13. Rac1 Rc8 14. Rc2 Ne5
15. Bg2 Nc6 16. Na4 Nd7 17. d4 Qe7 18. Rfc1 Rfd8 19. e3 Bf8 20. Bf1 Qd6 21. Bc3
Qb8 22. b4 Ne7 23. Nc5 Nf5 24. Bb2 Nb6 25. e4 dxe4 26. Nxe4 Rxc2 27. Rxc2 Bg7
28. Qg5 h6 29. Qg4 Nxd4 30. Rd2 Qc7 31. Qd1 Nc6 32. Bxg7 Kxg7 33. Qa1+ e5 34.
Rxd8 Qxd8 35. Nc5 Qe7 36. a3 a5 37. Bg2 axb4 38. axb4 Nxb4 39. Nxb7 Nd7 40. Qd1
Nf6 41. Nd6 Nbd5 42. Nc4 Nc7 43. Qe1 e4 44. Qc3 Ncd5 45. Qd4 Qe6 46. h3 Kg8 47.
Kh2 h5 48. Kg1 Kf8 49. Kh2 Kg8 50. Kg1 h4 51. g4 g5 52. Bf1 Nf4 53. Ne3 Kh7 54.
Nf5 N4d5 55. Bg2 Nf4 56. Bf1 N4d5 57. Bg2 Nf4 58. Bf1 1/2-1/2

[Event "Europe Echecs online op April"]
[Site "Europe Echecs INT"]
[Date "2020.04.11"]
[Round "10"]
[White "Ivanchuk, Vassily"]
[Black "Firouzja, Alireza"]
[Result "1/2-1/2"]
[WhiteElo "2678"]
[BlackElo "2728"]
[PlyCount "111"]
[EventDate "2020.04.11"]
[EventType "swiss (blitz)"]
[EventRounds "11"]
[EventCountry "FRA"]
[SourceTitle "EXT 2021"]
[Source "ChessBase"]
[SourceDate "2020.10.23"]
[SourceVersion "1"]
[SourceVersionDate "2020.10.23"]
[SourceQuality "1"]

1. e4 c5 2. Nf3 d6 3. d4 cxd4 4. Nxd4 Nf6 5. Nc3 Nc6 6. Be2 e5 7. Nb3 Be7 8.
O-O O-O 9. Kh1 a6 10. f3 b5 11. Be3 Be6 12. Qd2 d5 13. exd5 Nxd5 14. Nxd5 Qxd5
15. Qxd5 Bxd5 16. Rfd1 Be6 17. Nc5 Bxc5 18. Bxc5 Rfd8 19. Kg1 f6 20. Kf2 Kf7
21. b3 Bf5 22. c3 Bc2 23. Rxd8 Rxd8 24. Ke3 f5 25. a4 f4+ 26. Kf2 Bd3 27. axb5
axb5 28. Bb6 Rd7 29. Rd1 e4 30. fxe4 Ne5 31. Bd4 Bxe2 32. Kxe2 Nc6 33. Bc5 Rxd1
34. Kxd1 Ke6 35. Ke2 Na5 36. Kd3 g5 37. Kc2 Ke5 38. Be7 g4 39. Bb4 Nc6 40. Kd3
Nxb4+ 41. cxb4 h5 42. g3 f3 43. Ke3 Kf6 44. Kd3 Ke6 45. Kd2 Kf6 46. Kd3 Kg5 47.
Kd2 h4 48. Kd3 hxg3 49. hxg3 Kf6 50. Kd2 Ke5 51. Ke3 Kd6 52. Kd2 Ke7 53. Kd3
Kf6 54. Kd2 Ke5 55. Ke3 Kf6 56. Kd2 1/2-1/2

[Event "Europe Echecs online op April"]
[Site "Europe Echecs INT"]
[Date "2020.04.11"]
[Round "11"]
[White "Jobava, Baadur"]
[Black "Ivanchuk, Vassily"]
[Result "1-0"]
[WhiteElo "2620"]
[BlackElo "2678"]
[PlyCount "77"]
[EventDate "2020.04.11"]
[EventType "swiss (blitz)"]
[EventRounds "11"]
[EventCountry "FRA"]
[SourceTitle "EXT 2021"]
[Source "ChessBase"]
[SourceDate "2020.10.23"]
[SourceVersion "1"]
[SourceVersionDate "2020.10.23"]
[SourceQuality "1"]

1. d4 d5 2. c4 c6 3. Nc3 Nf6 4. Nf3 dxc4 5. a4 Bf5 6. Ne5 Nbd7 7. Nxc4 Nb6 8.
Ne5 a5 9. e3 g6 10. Bd3 Be6 11. O-O Bg7 12. Bd2 O-O 13. Qe2 Nfd5 14. Ne4 Nb4
15. Bxb4 axb4 16. Nc5 Bc8 17. Rfc1 Bxe5 18. dxe5 Nd5 19. h3 b6 20. Ne4 Qc7 21.
f4 Bb7 22. Ng5 c5 23. Bc4 Qc6 24. Bb5 Qc7 25. Bc4 Qc6 26. Bb5 Qc7 27. Qf2 Kg7
28. Kh2 Rad8 29. Re1 Qb8 30. Bc4 h6 31. Nf3 Nc7 32. e4 Rd7 33. f5 Qd8 34. Qg3
Kh7 35. Bxf7 g5 36. e6 Rxf7 37. exf7 e6 38. Ne5 Rd2 39. Ng6 1-0

[Event "FRA-ch Blitz Online Qual"]
[Site "Europe Echecs INT"]
[Date "2020.05.16"]
[Round "6"]
[White "Barbot, Pierre"]
[Black "Ivanchuk, Vassily"]
[Result "1/2-1/2"]
[WhiteElo "2443"]
[BlackElo "2678"]
[PlyCount "109"]
[EventDate "2020.05.16"]
[EventType "swiss (blitz)"]
[EventRounds "15"]
[EventCountry "FRA"]
[SourceTitle "CBM 196 Extra"]
[Source "ChessBase"]
[SourceDate "2020.07.31"]
[SourceVersion "1"]
[SourceVersionDate "2020.07.31"]
[SourceQuality "1"]

1. d4 Nf6 2. c4 g6 3. Nc3 d5 4. cxd5 Nxd5 5. e4 Nxc3 6. bxc3 Bg7 7. Nf3 c5 8.
h3 O-O 9. Be2 cxd4 10. cxd4 Nc6 11. Be3 f5 12. exf5 Qa5+ 13. Bd2 Qxf5 14. Be3
Be6 15. O-O Rad8 16. Rb1 b6 17. Rb5 Bd5 18. Qa4 Na5 19. Bd2 e6 20. Bxa5 bxa5
21. Rxa5 Qf4 22. Rxa7 Bxf3 23. Bxf3 Bxd4 24. Ra6 Kh8 25. Re1 e5 26. Qc6 Qd2 27.
Re2 Qd1+ 28. Kh2 Qd3 29. Qe4 Qxe4 30. Bxe4 Bxf2 31. g3 Rc8 32. Rc6 Rxc6 33.
Bxc6 Bd4 34. Bg2 Rb8 35. Bd5 Rb4 36. Bb3 Kg7 37. Kg2 h5 38. Kf3 Kf6 39. Rc2 Kf5
40. Rc4 Rxc4 41. Bxc4 e4+ 42. Ke2 Ke5 43. Bf7 Kf6 44. Bd5 Kf5 45. a4 Bb6 46.
g4+ hxg4 47. hxg4+ Kf4 48. Be6 Ba5 49. Bc8 Bb4 50. Bd7 Ba5 51. Bc8 Bb4 52. Bd7
Bc5 53. Bc8 Bb6 54. Bd7 Ba5 55. Bc8 1/2-1/2

[Event "FRA-ch Blitz Online Qual"]
[Site "Europe Echecs INT"]
[Date "2020.05.16"]
[Round "11"]
[White "Ivanchuk, Vassily"]
[Black "Jobava, Baadur"]
[Result "1-0"]
[WhiteElo "2678"]
[BlackElo "2603"]
[PlyCount "113"]
[EventDate "2020.05.16"]
[EventType "swiss (blitz)"]
[EventRounds "15"]
[EventCountry "FRA"]
[SourceTitle "CBM 196 Extra"]
[Source "ChessBase"]
[SourceDate "2020.07.31"]
[SourceVersion "1"]
[SourceVersionDate "2020.07.31"]
[SourceQuality "1"]

1. Nf3 d5 2. d4 c6 3. c4 Nf6 4. Nc3 dxc4 5. a4 a5 6. e4 Bg4 7. Bxc4 e6 8. Be3
Bb4 9. Qc2 Nbd7 10. O-O Bh5 11. Bd3 Bg6 12. Ne2 Rc8 13. Nf4 c5 14. Nxg6 cxd4
15. Qe2 hxg6 16. Bxd4 Bc5 17. Bc3 Bb4 18. Bxb4 axb4 19. Qd2 Qe7 20. Rac1 O-O
21. Bb5 Rcd8 22. Qe3 Rc8 23. h3 Nc5 24. Rc4 Ncxe4 25. Rxe4 Nxe4 26. Qxe4 Rfd8
27. Re1 b6 28. h4 Rc5 29. Qxb4 Qf6 30. Qb3 Rcd5 31. Bf1 R8d6 32. g3 Qd8 33. Kg2
Rc5 34. Re3 Qa8 35. Bd3 Qd8 36. Be4 Qd7 37. Rd3 Rxd3 38. Bxd3 Qc6 39. Bb5 Qe4
40. Qd3 Qxd3 41. Bxd3 Kf8 42. b3 Ke7 43. Bc4 e5 44. Ng5 f5 45. Kf3 Rc8 46. Ke3
e4 47. Nh3 Kf6 48. Nf4 g5 49. Nd5+ Ke5 50. hxg5 Rh8 51. Nxb6 Rh1 52. a5 Re1+
53. Kd2 Ra1 54. a6 Kd4 55. Na4 Ra2+ 56. Kc1 Rxf2 57. a7 1-0

[Event "FRA-ch Blitz Online Qual"]
[Site "Europe Echecs INT"]
[Date "2020.05.16"]
[Round "12"]
[White "Bauer, Christian"]
[Black "Ivanchuk, Vassily"]
[Result "1/2-1/2"]
[WhiteElo "2623"]
[BlackElo "2678"]
[PlyCount "29"]
[EventDate "2020.05.16"]
[EventType "swiss (blitz)"]
[EventRounds "15"]
[EventCountry "FRA"]
[SourceTitle "CBM 196 Extra"]
[Source "ChessBase"]
[SourceDate "2020.07.31"]
[SourceVersion "1"]
[SourceVersionDate "2020.07.31"]
[SourceQuality "1"]

1. d4 Nf6 2. c4 g6 3. Nf3 Bg7 4. Nc3 d5 5. cxd5 Nxd5 6. e4 Nxc3 7. bxc3 c5 8.
Be3 Qa5 9. Nd2 Bd7 10. Nb3 Qxc3+ 11. Bd2 Qb2 12. Bc1 Qc3+ 13. Bd2 Qb2 14. Bc1
Qc3+ 15. Bd2 1/2-1/2

[Event "FRA-ch Blitz Online Qual"]
[Site "Europe Echecs INT"]
[Date "2020.05.16"]
[Round "13"]
[White "Ivanchuk, Vassily"]
[Black "Mamedov, Rauf"]
[Result "1/2-1/2"]
[WhiteElo "2678"]
[BlackElo "2654"]
[PlyCount "78"]
[EventDate "2020.05.16"]
[EventType "swiss (blitz)"]
[EventRounds "15"]
[EventCountry "FRA"]
[SourceTitle "CBM 196 Extra"]
[Source "ChessBase"]
[SourceDate "2020.07.31"]
[SourceVersion "1"]
[SourceVersionDate "2020.07.31"]
[SourceQuality "1"]

1. Nf3 d5 2. d4 Nf6 3. c4 c6 4. e3 Bf5 5. Nc3 e6 6. Nh4 Be4 7. f3 Bg6 8. Qb3
Qc7 9. Bd2 Be7 10. O-O-O dxc4 11. Bxc4 Nbd7 12. Nxg6 hxg6 13. h3 b5 14. Be2 a6
15. Kb1 c5 16. Rc1 c4 17. Qc2 O-O 18. g4 Rfc8 19. Ka1 Rab8 20. h4 b4 21. Na4 c3
22. bxc3 bxc3 23. Qxc3 Qb7 24. Rb1 Qa8 25. Rxb8 Rxb8 26. Rb1 Nd5 27. Qc4 Rxb1+
28. Kxb1 Qb8+ 29. Kc2 Bxh4 30. Nc5 Nxc5 31. dxc5 Bf6 32. c6 Qb2+ 33. Kd3 Qa3+
34. Kc2 Qb2+ 35. Kd3 Qb1+ 36. Qc2 Qb5+ 37. Qc4 Qb1+ 38. Qc2 Qb6 39. Qc4 Qb1+
1/2-1/2

[Event "FRA-ch Blitz Online Qual"]
[Site "Europe Echecs INT"]
[Date "2020.05.16"]
[Round "14"]
[White "Firouzja, Alireza"]
[Black "Ivanchuk, Vassily"]
[Result "1/2-1/2"]
[WhiteElo "2728"]
[BlackElo "2678"]
[PlyCount "217"]
[EventDate "2020.05.16"]
[EventType "swiss (blitz)"]
[EventRounds "15"]
[EventCountry "FRA"]
[SourceTitle "CBM 196 Extra"]
[Source "ChessBase"]
[SourceDate "2020.07.31"]
[SourceVersion "1"]
[SourceVersionDate "2020.07.31"]
[SourceQuality "1"]

1. d4 Nf6 2. c4 e6 3. Nf3 b6 4. a3 Bb7 5. Nc3 d5 6. cxd5 Nxd5 7. Qc2 Nxc3 8.
bxc3 Be7 9. e4 O-O 10. Bd3 c5 11. O-O Qc8 12. Qe2 Ba6 13. Rd1 Re8 14. Bf4 Bxd3
15. Rxd3 Nc6 16. h4 Qa6 17. h5 Rad8 18. Qe3 h6 19. Nh2 cxd4 20. cxd4 e5 21.
Bxh6 gxh6 22. Ng4 Bg5 23. Qg3 Kf8 24. d5 Nd4 25. Kh1 Ne2 26. Qf3 Nf4 27. Rd2
Nxh5 28. Rdd1 Rd6 29. g3 Qc8 30. Kg2 Ng7 31. a4 h5 32. Nh2 Qc2 33. Qa3 Red8 34.
Nf3 Bf6 35. Qe3 Kg8 36. Rdc1 Qb2 37. Rcb1 Qc2 38. Rc1 Qb2 39. Rab1 Qa2 40. Rb4
a5 41. Rbc4 Qb2 42. Qd3 b5 43. R4c2 Qb4 44. axb5 a4 45. Rc6 a3 46. Ra1 Ra8 47.
Nd2 a2 48. Nc4 Ne8 49. Nxd6 Nxd6 50. b6 Kf8 51. Rc2 Qxb6 52. Rcxa2 Rxa2 53.
Rxa2 Qb4 54. Ra6 Kg7 55. Qf3 Nxe4 56. Qxh5 Qd4 57. Qg4+ Ng5 58. Qxd4 exd4 59.
f4 Ne4 60. Kf3 Nc5 61. Rc6 Nd7 62. Rc7 Nb6 63. d6 d3 64. d7 Kf8 65. Rb7 Bd8 66.
Ke3 Ke7 67. Kxd3 Nxd7 68. g4 Ke8 69. Kd4 Be7 70. g5 Ba3 71. Rc7 Bd6 72. Rc8+
Ke7 73. f5 Bf4 74. Rg8 Bc1 75. Kd5 Nb6+ 76. Kc6 Nc4 77. Kd5 Nb6+ 78. Ke4 Nd7
79. Rg7 Kf8 80. f6 Bxg5 81. Rxg5 Nxf6+ 82. Kf5 Ne8 83. Rg1 Ke7 84. Re1+ Kf8 85.
Ra1 Ke7 86. Ra7+ Kf8 87. Ke5 Kg7 88. Ra6 Kf8 89. Ra8 Ke7 90. Ra7+ Kf8 91. Kd5
Nf6+ 92. Kd6 Ne4+ 93. Kd7 Nf6+ 94. Kd8 Ng8 95. Ra1 Nf6 96. Rf1 Ne4 97. Rf4 Ng5
98. Kd7 Ne6 99. Rf1 Ng5 100. Kd6 Ne6 101. Ra1 Ng5 102. Ke5 Kg7 103. Kf5 Ne6
104. Rg1+ Kf8 105. Kf6 Nc7 106. Ra1 Ne8+ 107. Kf5 Nd6+ 108. Ke5 Ne8 109. Ra7
1/2-1/2

[Event "FRA-ch Blitz Online Final"]
[Site "Europe Echecs INT"]
[Date "2020.05.17"]
[Round "3.3"]
[White "Mamedov, Rauf"]
[Black "Ivanchuk, Vassily"]
[Result "1-0"]
[WhiteElo "2654"]
[BlackElo "2678"]
[PlyCount "69"]
[EventDate "2020.05.17"]
[EventType "k.o. (blitz)"]
[EventRounds "4"]
[EventCountry "FRA"]
[SourceTitle "CBM 196 Extra"]
[Source "ChessBase"]
[SourceDate "2020.07.31"]
[SourceVersion "1"]
[SourceVersionDate "2020.07.31"]
[SourceQuality "1"]

1. e4 c5 2. c3 Nf6 3. e5 Nd5 4. Bc4 Nb6 5. Bb3 d5 6. exd6 Qxd6 7. Nf3 Nc6 8.
O-O Be6 9. a4 Rd8 10. a5 Nc4 11. a6 b6 12. Re1 Bd5 13. Ba4 e6 14. d3 N4a5 15.
c4 Bxf3 16. Qxf3 Be7 17. Bf4 Qd7 18. Bd2 Rc8 19. Bc3 O-O 20. Qg4 g6 21. Nd2
Qxd3 22. Rad1 Nd4 23. Nf3 Qxc4 24. Nxd4 cxd4 25. Rxd4 Qxa6 26. Rd7 Rc4 27. Qe2
Bc5 28. b3 b5 29. bxc4 Nxc4 30. Bb3 Qc6 31. Rdd1 a5 32. Bxc4 bxc4 33. Qe5 f6
34. Qxe6+ Qxe6 35. Rxe6 1-0

[Event "Chartres Blitz"]
[Site "Europe Echecs INT"]
[Date "2020.06.13"]
[Round "3"]
[White "Firouzja, Alireza"]
[Black "Ivanchuk, Vassily"]
[Result "1-0"]
[WhiteElo "2728"]
[BlackElo "2678"]
[PlyCount "103"]
[EventDate "2020.06.13"]
[EventType "tourn (blitz)"]
[EventRounds "15"]
[EventCountry "FRA"]
[EventCategory "13"]
[SourceTitle "CBM 196 Extra"]
[Source "ChessBase"]
[SourceDate "2020.07.31"]
[SourceVersion "1"]
[SourceVersionDate "2020.07.31"]
[SourceQuality "1"]

1. d4 Nf6 2. Nf3 e6 3. Bf4 b6 4. e3 Bb7 5. h3 g6 6. c4 Bg7 7. Nc3 d6 8. Be2
Nbd7 9. O-O Ne4 10. Nxe4 Bxe4 11. Bg5 Qc8 12. Rc1 a5 13. b3 O-O 14. Nd2 Bb7 15.
Bh4 Bf6 16. Bxf6 Nxf6 17. Bf3 Re8 18. Re1 Bxf3 19. Qxf3 Kg7 20. c5 bxc5 21.
dxc5 d5 22. e4 c6 23. e5 Nd7 24. Qe3 Qb8 25. Nf3 a4 26. b4 Qxb4 27. a3 Qa5 28.
Red1 Qc7 29. Rd4 h6 30. Rh4 Rh8 31. Re1 Ra5 32. Nh2 Rb5 33. Ng4 h5 34. Nf6 Nxf6
35. exf6+ Kxf6 36. Qd4+ e5 37. Rf4+ Ke6 38. Qxa4 Rhb8 39. Rf3 Rb1 40. Rfe3
Rxe1+ 41. Rxe1 e4 42. Qa6 Kf6 43. a4 Kg7 44. a5 Rb2 45. Qb6 Rxb6 46. cxb6 Qb7
47. Rb1 e3 48. fxe3 d4 49. a6 Qxa6 50. b7 dxe3 51. b8=Q e2 52. Qe5+ 1-0

[Event "Online Olym Div Top-B"]
[Site "Chess.com INT"]
[Date "2020.08.21"]
[Round "1.1"]
[White "Ivanchuk, Vassily"]
[Black "Vallejo Pons, Francisco"]
[Result "1/2-1/2"]
[WhiteElo "2678"]
[BlackElo "2710"]
[PlyCount "80"]
[EventDate "2020.08.21"]
[EventType "team-tourn (rapid)"]
[EventRounds "9"]
[EventCountry "USA"]
[SourceTitle "CBM 197 Extra"]
[Source "ChessBase"]
[SourceDate "2020.09.30"]
[SourceVersion "1"]
[SourceVersionDate "2020.09.30"]
[SourceQuality "1"]
[WhiteTeam "Ukraine"]
[BlackTeam "Spain"]
[WhiteTeamCountry "UKR"]
[BlackTeamCountry "ESP"]

1. e4 e6 2. d4 d5 3. Nc3 Bb4 4. exd5 exd5 5. Bd3 Nf6 6. Nge2 O-O 7. O-O Re8 8.
a3 Bf8 9. Bg5 c6 10. f3 b6 11. Qd2 h6 12. Bh4 Ba6 13. Rae1 Bxd3 14. Qxd3 Nbd7
15. Nd1 Qc7 16. Ne3 Bd6 17. Kh1 g6 18. c4 dxc4 19. Nxc4 Bf8 20. Nc3 Rxe1 21.
Rxe1 Re8 22. Rxe8 Nxe8 23. Bg3 Qd8 24. h3 Nef6 25. Qe2 Nh5 26. Bh2 Qg5 27. Qe3
Qxe3 28. Nxe3 f5 29. d5 cxd5 30. Nexd5 Nhf6 31. Nxf6+ Nxf6 32. Kg1 Kf7 33. Kf1
a6 34. Ke2 Ke6 35. Kd3 Nd5 36. Nxd5 Kxd5 37. a4 b5 38. axb5 axb5 39. Bf4 h5 40.
b3 Be7 1/2-1/2

[Event "Online Olym Div Top-B"]
[Site "Chess.com INT"]
[Date "2020.08.22"]
[Round "4.1"]
[White "Mamedyarov, Shakhriyar"]
[Black "Ivanchuk, Vassily"]
[Result "1-0"]
[WhiteElo "2764"]
[BlackElo "2678"]
[PlyCount "69"]
[EventDate "2020.08.21"]
[EventType "team-tourn (rapid)"]
[EventRounds "9"]
[EventCountry "USA"]
[SourceTitle "CBM 197 Extra"]
[Source "ChessBase"]
[SourceDate "2020.09.30"]
[SourceVersion "1"]
[SourceVersionDate "2020.09.30"]
[SourceQuality "1"]
[WhiteTeam "Azerbaijan"]
[BlackTeam "Ukraine"]
[WhiteTeamCountry "AZE"]
[BlackTeamCountry "UKR"]

1. e4 c5 2. c3 e6 3. d4 d5 4. exd5 exd5 5. Nf3 Nc6 6. Bb5 Bd6 7. O-O Nge7 8.
dxc5 Bxc5 9. Nbd2 O-O 10. Nb3 Bd6 11. Bd3 h6 12. h3 Nf5 13. Re1 Qf6 14. Bc2 Rd8
15. Qd3 g6 16. Qd2 g5 17. Qd3 Bc7 18. Be3 Nxe3 19. Rxe3 Bb6 20. Nbd4 Bd7 21.
Rae1 Kf8 22. Nxc6 bxc6 23. Ne5 Bxe3 24. Rxe3 Be6 25. Nxc6 Re8 26. Ne5 Re7 27.
Qd4 Qg7 28. Qc5 Rae8 29. Ba4 Qf6 30. Bxe8 Kxe8 31. Qd6 Kf8 32. Nd7+ Bxd7 33.
Qxf6 Rxe3 34. Qxh6+ Ke8 35. fxe3 1-0

[Event "Online Olym KO Stage"]
[Site "Chess.com INT"]
[Date "2020.08.27"]
[Round "1.1"]
[White "Ivanchuk, Vassily"]
[Black "Ding, Liren"]
[Result "1/2-1/2"]
[WhiteElo "2678"]
[BlackElo "2791"]
[PlyCount "63"]
[EventDate "2020.08.27"]
[EventType "team-k.o. (rapid)"]
[EventRounds "4"]
[EventCountry "USA"]
[SourceTitle "EXT 2021"]
[Source "ChessBase"]
[SourceDate "2020.10.23"]
[SourceVersion "1"]
[SourceVersionDate "2020.10.23"]
[SourceQuality "1"]
[WhiteTeam "Ukraine"]
[BlackTeam "China"]
[WhiteTeamCountry "UKR"]
[BlackTeamCountry "CHN"]

{[%evp 0,38,23,16,16,-11,-11,-11,4,-3,34,20,20,8,19,9,20,14,14,12,40,27,16,12,
12,-53,-66,-50,-14,-87,-70,-33,-31,-18,-37,-33,-31,-31,-31,-44,-36]} 1. d4 Nf6
2. c4 e6 3. Nc3 Bb4 4. e3 O-O 5. Bd3 d5 6. cxd5 exd5 7. Nge2 Re8 8. O-O Bd6 9.
Bd2 b6 10. Rc1 c5 11. dxc5 bxc5 12. Nf4 Bxf4 13. exf4 Nc6 14. Bb5 Bd7 15. Na4
c4 16. Bc3 a6 17. Bxc6 Bxc6 18. Nc5 Ne4 19. Nxe4 Rxe4 20. Re1 Rxe1+ 21. Qxe1 d4
22. Rd1 Qd5 23. f3 Re8 24. Qf2 d3 25. Re1 Rxe1+ 26. Qxe1 f6 27. Qe3 h6 28. Kf2
Kh7 29. Qd4 Qe6 30. Qe3 Qd5 31. Qd4 Qe6 32. Qe3 1/2-1/2